Statistiche per Paesi che confinano con la Cina

Clicka qui per fare il quiz!

Statistiche generali

  • Questo quiz è stato fatto 2.174 volte
  • Il punteggio medio è 12 su 14

Statistiche sulle risposte

Lunghezza confinePaese% Corretto
3.605 kmRussia
99%
4.677 kmMongolia
98%
3.380 kmIndia
96%
1.416 kmCorea del Nord
95%
1.533 kmKazakistan
90%
1.236 kmNepal
89%
1.281 kmVietnam
89%
523 kmPakistan
86%
423 kmLaos
85%
470 kmBhutan
81%
2.185 kmMyanmar
80%
414 kmTagikistan
80%
858 kmKirghizistan
79%
76 kmAfghanistan
78%

Distribuzione punteggi

Percentile per numero di risposta

Percentuale di utenti per punteggio

I tuoi punteggi nel tempo

Non hai fatto questo quiz